The Symbolic Computation of Integrability Structures for Partial Differential Equations (Запис № 445663)

МАРК-запис
000 -LEADER
fixed length control field 04162nam a22006255i 4500
001 - CONTROL NUMBER
control field 978-3-319-71655-8
003 - CONTROL NUMBER IDENTIFIER
control field DE-He213
005 - DATE AND TIME OF LATEST TRANSACTION
control field 20210118122456.0
007 - PHYSICAL DESCRIPTION FIXED FIELD--GENERAL INFORMATION
fixed length control field cr nn 008mamaa
008 - FIXED-LENGTH DATA ELEMENTS--GENERAL INFORMATION
fixed length control field 180403s2017 gw | s |||| 0|eng d
020 ## - INTERNATIONAL STANDARD BOOK NUMBER
International Standard Book Number 9783319716558
-- 978-3-319-71655-8
024 7# - OTHER STANDARD IDENTIFIER
Standard number or code 10.1007/978-3-319-71655-8
Source of number or code doi
050 #4 - LIBRARY OF CONGRESS CALL NUMBER
Classification number QA431
072 #7 - SUBJECT CATEGORY CODE
Subject category code PBKJ
Source bicssc
072 #7 - SUBJECT CATEGORY CODE
Subject category code MAT034000
Source bisacsh
072 #7 - SUBJECT CATEGORY CODE
Subject category code PBKJ
Source thema
082 04 - DEWEY DECIMAL CLASSIFICATION NUMBER
Classification number 515.625
Edition number 23
082 04 - DEWEY DECIMAL CLASSIFICATION NUMBER
Classification number 515.75
Edition number 23
100 1# - MAIN ENTRY--PERSONAL NAME
Personal name Krasil'shchik, Joseph.
Relator term author.
Relator code aut
-- http://id.loc.gov/vocabulary/relators/aut
245 14 - TITLE STATEMENT
Title The Symbolic Computation of Integrability Structures for Partial Differential Equations
Medium [electronic resource] /
Statement of responsibility, etc by Joseph Krasil'shchik, Alexander Verbovetsky, Raffaele Vitolo.
250 ## - EDITION STATEMENT
Edition statement 1st ed. 2017.
264 #1 -
-- Cham :
-- Springer International Publishing :
-- Imprint: Springer,
-- 2017.
300 ## - PHYSICAL DESCRIPTION
Extent XV, 263 p. 28 illus.
Other physical details online resource.
336 ## -
-- text
-- txt
-- rdacontent
337 ## -
-- computer
-- c
-- rdamedia
338 ## -
-- online resource
-- cr
-- rdacarrier
347 ## -
-- text file
-- PDF
-- rda
490 1# - SERIES STATEMENT
Series statement Texts & Monographs in Symbolic Computation, A Series of the Research Institute for Symbolic Computation, Johannes Kepler University, Linz, Austria,
Міжнародний стандартний серійний номер для назви серії (ISSN) 0943-853X
505 0# - FORMATTED CONTENTS NOTE
Formatted contents note Introduction -- Computational problems in the geometry of PDEs -- Old and new Reduce software for integrability of PDEs -- Internal coordinates and total derivatives -- Conservation laws and nonlocal variables -- Cosymmetries -- Symmetries -- The tangent covering -- Recursion operators for symmetries -- Variational symplectic structures -- Cotangent covering -- Variational Poisson structures -- Recursion operators for cosymmetries -- The Plebanski equation -- Discussion.
520 ## - SUMMARY, ETC.
Summary, etc This is the first book devoted to the task of computing integrability structures by computer. The symbolic computation of integrability operator is a computationally hard problem and the book covers a huge number of situations through tutorials. The mathematical part of the book is a new approach to integrability structures that allows to treat all of them in a unified way. The software is an official package of Reduce. Reduce is free software, so everybody can download it and make experiments using the programs available at our website.
506 ## - RESTRICTIONS ON ACCESS NOTE
Terms governing access Available to subscribing member institutions only. Доступно лише організаціям членам підписки.
506 ## - RESTRICTIONS ON ACCESS NOTE
Standardized terminology for access restriction Online access from local network of NaUOA.
506 ## - RESTRICTIONS ON ACCESS NOTE
Standardized terminology for access restriction Online access with authorization at https://link.springer.com/
506 ## - RESTRICTIONS ON ACCESS NOTE
Standardized terminology for access restriction Онлайн-доступ з локальної мережі НаУОА.
506 ## - RESTRICTIONS ON ACCESS NOTE
Standardized terminology for access restriction Онлайн доступ з авторизацією на https://link.springer.com/
650 #0 - SUBJECT ADDED ENTRY--TOPICAL TERM
Topical term or geographic name as entry element Difference equations.
650 #0 - SUBJECT ADDED ENTRY--TOPICAL TERM
Topical term or geographic name as entry element Functional equations.
650 #0 - SUBJECT ADDED ENTRY--TOPICAL TERM
Topical term or geographic name as entry element Computer science—Mathematics.
650 14 - SUBJECT ADDED ENTRY--TOPICAL TERM
Topical term or geographic name as entry element Difference and Functional Equations.
-- http://scigraph.springernature.com/things/product-market-codes/M12031
650 24 - SUBJECT ADDED ENTRY--TOPICAL TERM
Topical term or geographic name as entry element Math Applications in Computer Science.
-- http://scigraph.springernature.com/things/product-market-codes/I17044
650 24 - SUBJECT ADDED ENTRY--TOPICAL TERM
Topical term or geographic name as entry element Symbolic and Algebraic Manipulation.
-- http://scigraph.springernature.com/things/product-market-codes/I17052
700 1# - ADDED ENTRY--PERSONAL NAME
Personal name Verbovetsky, Alexander.
Relator term author.
Relator code aut
-- http://id.loc.gov/vocabulary/relators/aut
700 1# - ADDED ENTRY--PERSONAL NAME
Personal name Vitolo, Raffaele.
Relator term author.
Relator code aut
-- http://id.loc.gov/vocabulary/relators/aut
710 2# - ADDED ENTRY--CORPORATE NAME
Corporate name or jurisdiction name as entry element SpringerLink (Online service)
773 0# - HOST ITEM ENTRY
Title Springer eBooks
776 08 - ADDITIONAL PHYSICAL FORM ENTRY
Display text Printed edition:
International Standard Book Number 9783319716541
776 08 - ADDITIONAL PHYSICAL FORM ENTRY
Display text Printed edition:
International Standard Book Number 9783319716565
776 08 - ADDITIONAL PHYSICAL FORM ENTRY
Display text Printed edition:
International Standard Book Number 9783030100889
830 #0 - SERIES ADDED ENTRY--UNIFORM TITLE
Uniform title Texts & Monographs in Symbolic Computation, A Series of the Research Institute for Symbolic Computation, Johannes Kepler University, Linz, Austria,
-- 0943-853X
856 40 - ELECTRONIC LOCATION AND ACCESS
Uniform Resource Identifier <a href="https://doi.org/10.1007/978-3-319-71655-8">https://doi.org/10.1007/978-3-319-71655-8</a>
912 ## -
-- ZDB-2-SCS
942 ## - ADDED ENTRY ELEMENTS (KOHA)
Koha item type ЕКнига

Немає доступних примірників.